01692nam a22001817a 450000500170000000800410001702000180005804000070007604100080008308200200009110000260011124501090013726000430024630000290028936500650031852010990038365000280148220230210115111.0230208b ||||| |||| 00| 0 eng d a9789354891939 cAL aeng 223a305.4bBHAD aShrayana Bhattacharya aDesperately seeking shah rukhb: Indians lonely young women and the search for intimacy and Independence aHaryanabHarperCollins Publisherc2021 axxii,443p.bHBc22x14cm. 2GeneralaABDI/0651/23b₹524.00d₹699.00e25%f16-01-2023 aWith a new preface for the paperback edition In this pathbreaking work, Shrayana Bhattacharya maps the economic and personal trajectories--the jobs, desires, prayers, love affairs and rivalries--of a diverse group of women. Divided by class but united in fandom, they remain steadfast in their search for intimacy, independence and fun. Embracing Hindi film idol Shah Rukh Khan allows them a small respite from an oppressive culture, a fillip to their fantasies of a friendlier masculinity in Indian men. Most struggle to find the freedom-or income-to follow their favourite actor Bobbing along in this stream of multiple lives for more than a decade-from Manju's boredom in 'rurban' Rampur and Gold's anger at having to compete with Western women for male attention in Delhi's nightclubs, to Zahira's break from domestic abuse in Ahmedabad-Bhattacharya gleans the details on what Indian women think about men, money, movies, beauty, helplessness, agency and love. A most unusual and compelling book on the female gaze, this is the story of how women have experienced post-liberalization India. 2WomenaGroups of People